00638nam a2200205 a 450000100100000000500170001000800410002702000180006804000250008608200160011110000220012724500510014926000360020030000310023649000250026750000560029250000210034850400370036983000260040600000461620200929151454.0090724s2007 ko c 000 0 eng d a9781565912458 aDO-SdBNPbengcBNPHU axxxxbS525s1 aShaffer, David E.10aSeasonal customs of Korea /cDavid E. Shaffer. aSeúl, Korea :bHollym,c2007. a207 p. :bretrs. ;c25 cm.1 aKorean culturevv. 7 aIncluye datos biográficos del autor en el chaleco aIncluye índice aIncluye bibliografías (p. 195) 0aKorean culturenno. 7